[Event "Gideon Japhet ACP Open 2018"]
[Site "Jerusalem"]
[Date "2018.07.03"]
[Round "4"]
[White "Levin, Natan"]
[Black "Berenboym, Igor"]
[Result "0-1"]
[WhiteElo "1849"]
[BlackElo "2116"]
[Annotator "NA"]
[PlyCount "56"]
[EventDate "2018.07.01"]
[EventType "swiss"]
[EventCountry "ISR"]
[SourceTitle "playchess.com"]
[Source "ChessBase"]
[SourceQuality "1"]
[TimeControl "40/5400+30:1800+30"]

1. c3 {[%emt 0:17:44]} Nf6 {[%emt 0:02:46]} 2. Qa4 {[%emt 0:02:56]} Nc6 {[%emt 0:05:47]} 3. b4 {[%emt 0:02:02]} e5 {[%emt 0:01:10]} 4. d3 {[%emt 0:01:58]} d5 {[%emt 0:00:58]} 5. Bg5 {[%emt 0:08:01]} Bd6 {[%emt 0:21:17]} 6. g4 {[%emt 0:10:28]} Bd7 {[%emt 0:05:49]} 7. Qb3 {[%emt 0:13:14]} Bxg4 {[%emt 0:07:00]} 8. Bg2 {[%emt 0:07:02]} Be6 {[%emt 0:02:12]} 9. Nd2 {[%emt 0:02:00]} h6 {[%emt 0:02:12]} 10. Bxf6 {[%emt 0:01:15]} Qxf6 {[%emt 0:04:20]} 11. Bxd5 {[%emt 0:00:18]} Bxd5 {[%emt 0:01:59]} 12. Qxd5 {[%emt 0:01:02]} O-O-O {[%emt 0:00:09]} 13. Qb5 {[%emt 0:07:49]} Rhe8 {[%emt 0:06:00]} 14. Ne4 {[%emt 0:01:20]} Qe6 {[%emt 0:06:11]} 15. Qa4 {[%emt 0:04:06]} Kb8 {[%emt 0:04:29]} 16. b5 {[%emt 0:01:38]} Ne7 {[%emt 0:00:07]} 17. c4 {[%emt 0:00:53]} f5 {[%emt 0:00:27]} 18. c5 {[%emt 0:03:01]} fxe4 {[%emt 0:00:07]} 19. cxd6 {[%emt 0:00:15]} Rxd6 {[%emt 0:01:56]} 20. b6 {[%emt 0:00:34]} Nc6 {[%emt 0:02:15]} 21. bxa7+ {[%emt 0:03:17]} Nxa7 {[%emt 0:00:05]} 22. Qxe4 {[%emt 0:02:27]} Rd4 {[%emt 0:01:43]} 23. Qe3 {[%emt 0:00:35]} Qc6 {[%emt 0:00:30]} 24. Rc1 {[%emt 0:06:28]} Qxh1 {[%emt 0:00:26]} 25. Kd2 {[%emt 0:00:29]} Qd5 {[%emt 0:01:03]} 26. Rc2 {[%emt 0:00:35]} Ra4 {[%emt 0:00:25]} 27. Qg3 {[%emt 0:01:28]} Rxa2 {[%emt 0:00:53]} 28. Rxa2 {[%emt 0:00:00]} Qxa2+ 0-1

[Event "Gideon Japhet ACP Open 2018"]
[Site "Jerusalem"]
[Date "2018.07.04"]
[Round "5"]
[White "Naiditsch, Arkadij"]
[Black "Boruchovsky, Avital"]
[Result "1-0"]
[WhiteElo "2697"]
[BlackElo "2558"]
[Annotator "TA"]
[PlyCount "111"]
[EventDate "2018.07.01"]
[EventType "swiss"]
[EventCountry "ISR"]
[SourceTitle "playchess.com"]
[Source "ChessBase"]
[SourceQuality "1"]

{[%evp 26,111,29,32,73,81,112,108,118,115,180,184,164,189,170,168,184,178,169,148,146,149,145,149,160,138,147,147,147,103,108,108,115,122,114,120,116,108,139,131,127,129,118,79,175,173,177,99,267,277,253,262,262,258,361,364,348,359,347,334,281,181,362,351,356,297,916,908,883,821,880,777,656,580,861,624,7774,7092,5197,5189,12370,2187,29946,7707,5616,5276,29959,29956]} 1. e4 e5 2. Nf3 Nc6 3. Bb5 a6 4. Bxc6 dxc6 5. O-O f6 6. d4 exd4 7. Nxd4 c5 8. Ne2 Qxd1 9. Rxd1 Bd7 10. Nbc3 O-O-O 11. Be3 b6 {C69: Ruy Lopez: Exchange Variation with 5 0-0 f6} 12. a4 Re8 13. Rd2 Bc6 14. Rad1 {[#] LiveBook: 43 Games} Be7 $146 ({Predecessor:} 14... Ne7 15. a5 Kb7 16. axb6 cxb6 17. f3 Ng6 18. b3 f5 19. Bf2 fxe4 20. Nxe4 {½-½ (41) Solak,D (2632)-Mista,A (2613) Palic 2014}) 15. a5 b5 16. Nf4 b4 17. Ncd5 Bd6 (17... Bf8 $16) 18. Nb6+ $1 $18 Kb8 19. Rxd6 cxd6 20. Rxd6 Bb5 21. Ne6 $1 ({Much less strong is} 21. Bxc5 $6 Rxe4 22. Rd1 (22. Rd8+ Kb7 $11) 22... Kb7 $14) 21... Ne7 22. Nxc5 Rd8 23. Bf4 {[%csl Gb6,Gc5][%cal Rd6d7]} Ka7 24. Nbd7 Rhe8 25. h4 Ng6 26. Be3 $1 {And now Nxa6+ would win.} Ka8 27. Rd4 Bxd7 28. Nxd7 Ne5 29. Nb6+ $1 Kb7 30. Rxb4 {Hoping for Nd5+.} Nc6 31. Ra4 Rd1+ 32. Kh2 Re5 33. Nc4 Rb5 34. c3 {[%cal Bc2c3,Bc3c4][%mdl 32]} Kc7 (34... Rb3 $16) 35. b4 $1 Rd3 {[#]} 36. Nb6 (36. Ra3 $1 $18) 36... Ne5 $2 {[#]} (36... Rh5 $16 {is a better defense.}) 37. c4 $1 {[%cal Rc4b5]} Ng4+ 38. Kg3 Nxe3 39. cxb5 {[%mdl 4096] Endgame KRN-KRN} ({Weaker is} 39. fxe3 Re5 $14) 39... Nc4+ 40. Kf4 axb5 41. Ra2 Nxb6 42. axb6+ Kxb6 {KR-KR} 43. Rb2 Kc6 $2 (43... g6 {might work better.} 44. f3 Rd4) 44. Kf5 Rd4 45. h5 g6+ $2 (45... Kd6 46. f3 Ke7) 46. hxg6 hxg6+ 47. Kxg6 Rxe4 48. Kxf6 Kd5 49. f3 Rd4 50. Kf5 Kc4 51. g4 {[%cal Bg2g4,Bg4g5][%mdl 32]} Rd5+ 52. Ke6 Rd1 53. f4 (53. g5 $142 Rg1 54. f4) 53... Rg1 54. g5 Kc3 55. Rf2 Kxb4 56. Kf7 {Precision: White = 77%, Black = 33%.} 1-0

[Event "Gideon Japhet ACP Open 2018"]
[Site "Jerusalem"]
[Date "2018.07.04"]
[Round "5"]
[White "Yuffa, Daniil"]
[Black "Ushenina, Anna"]
[Result "1-0"]
[WhiteElo "2577"]
[BlackElo "2447"]
[Annotator "TA"]
[PlyCount "69"]
[EventDate "2018.07.01"]
[EventType "swiss"]
[EventCountry "ISR"]
[SourceTitle "playchess.com"]
[Source "ChessBase"]
[SourceQuality "1"]

{[%evp 19,69,-2,26,0,57,51,61,55,57,61,53,52,54,56,53,52,58,62,49,37,29,35,44,54,91,36,87,50,90,81,89,24,19,34,269,259,400,355,394,365,1051,1022,29971,29972,29970,29963,6283,760,734,730,722,719]} 1. d4 d5 2. c4 e6 3. Nf3 Nf6 4. g3 dxc4 5. Bg2 Nc6 6. O-O Rb8 7. Nc3 a6 8. e4 Be7 9. Qe2 b5 {E04: Open Catalan: 5 Nf3} 10. d5 Nb4 {[%cal Re6d5] LiveBook: 8 Games} 11. Ne5 {[#] Hoping for a3.} (11. Rd1 $5 {[%cal Rd5e6]} exd5 12. e5 $15) 11... Bb7 $146 ({Of course not} 11... exd5 $6 12. a3 $16) (11... Bd6 $11 12. a3 Bxe5 13. axb4 Qe7) ({Predecessor:} 11... Nd7 12. Nxf7 Kxf7 13. dxe6+ Kxe6 14. Qh5 g6 15. Qe2 Kf7 16. f4 Re8 17. e5 Kg8 18. b3 Nf8 19. bxc4 Qd4+ {0-1 (19) Keilhack,H (2318)-Hertneck,G (2572) Altenkirchen 2001}) 12. dxe6 fxe6 13. Rd1 Bd6 14. a3 Nd3 $1 15. Nxd3 cxd3 16. Rxd3 e5 $1 17. b4 O-O 18. Bb2 Qe8 19. Nd1 Qg6 {[%cal Rb7e4]} 20. f3 Bc8 21. Ne3 h5 22. Kh1 (22. Rc1 $16) 22... Kh8 (22... Be6 $14) 23. Bc3 Nh7 24. Rg1 Ng5 25. Nf5 ({Better is} 25. h4 $16 Nh3 26. Bxh3 Bxh3 27. g4 hxg4 28. Nf5 (28. Nxg4 Qe6 $14) 28... gxf3 29. Rxg6 Bxf5 30. Rh6+ (30. Qxf3 Bxg6 31. Qg4 Rf6 $14) 30... gxh6 31. Rxf3 (31. Qxf3 Bg6 $14)) 25... Bxf5 $11 26. exf5 Qxf5 $2 {[#]} ({Black should play} 26... Rxf5 $14 27. h4 Nh7) 27. f4 $1 $18 Nh3 (27... e4 $142) 28. Rf1 Rbe8 {[%cal Re5f4]} 29. fxe5 Nf2+ $2 (29... Qg4 30. Rff3 Ng5) 30. Rxf2 $1 Qxf2 31. Qxh5+ Kg8 32. Bd5+ Rf7 33. Qxf7+ (33. Rf3 $142 Qxf3+ 34. Qxf3) 33... Qxf7 34. Bxf7+ Kxf7 35. exd6 {Precision: White = 35%, Black = 43%.} 1-0

[Event "Gideon Japhet ACP Open 2018"]
[Site "Jerusalem"]
[Date "2018.07.04"]
[Round "5"]
[White "Muzychuk, Mariya"]
[Black "Gruenfeld, Yehuda"]
[Result "1/2-1/2"]
[WhiteElo "2521"]
[BlackElo "2419"]
[Annotator "ChessBase"]
[PlyCount "71"]
[EventDate "2018.07.01"]
[EventType "swiss"]
[EventCountry "ISR"]
[SourceTitle "playchess.com"]
[Source "ChessBase"]
[SourceQuality "1"]
[TimeControl "40/5400+30:1800+30"]

1. e4 {[%emt 0:00:00]} c5 {[%emt 0:00:00]} 2. Nf3 {[%emt 0:00:00]} d6 {[%emt 0:00:00]} 3. d4 {[%emt 0:00:08]} cxd4 {[%emt 0:00:00]} 4. Nxd4 {[%emt 0:00:02]} Nf6 {[%emt 0:00:00]} 5. Nc3 {[%emt 0:00:05]} a6 {[%emt 0:00:05]} 6. f3 {[%emt 0:00:07]} e5 {[%emt 0:00:58]} 7. Nb3 {[%emt 0:00:06]} Be7 {[%emt 0:00:06]} 8. Be3 {[%emt 0:00:40]} O-O {[%emt 0:00:38]} 9. Qd2 {[%emt 0:00:40]} Be6 {[%emt 0:00:06]} 10. O-O-O {[%emt 0:00:45]} Nbd7 {[%emt 0:00:07]} 11. g4 {[%emt 0:00:52]} b5 {[%emt 0:00:04]} 12. g5 {[%emt 0:00:32]} b4 {[%emt 0:01:02]} 13. Ne2 {[%emt 0:00:19]} Ne8 {[%emt 0:01:16]} 14. f4 {[%emt 0:00:31]} a5 {[%emt 0:01:14]} 15. f5 {[%emt 0:00:05]} a4 {[%emt 0:00:13]} 16. fxe6 {[%emt 0:00:36]} axb3 {[%emt 0:00:06]} 17. cxb3 {[%emt 0:00:11]} fxe6 {[%emt 0:02:42]} 18. Bh3 {[%emt 0:00:36]} Nc7 {[%emt 0:11:23]} 19. Kb1 {[%emt 0:05:33]} Kh8 {[%emt 0:05:22]} 20. Bg2 {[%emt 0:08:11]} Qb8 {[%emt 0:06:06]} 21. h4 {[%emt 0:03:02]} Qb7 {[%emt 0:04:53]} 22. Rdf1 {[%emt 0:19:33]} Na6 {[%emt 0:08:46]} 23. Rxf8+ {[%emt 0:14:36]} Rxf8 {[%emt 0:02:33]} 24. h5 {[%emt 0:00:55]} Nac5 {[%emt 0:00:21]} 25. Qc2 {[%emt 0:00:38]} Qa6 {[%emt 0:04:46]} 26. Nc1 {[%emt 0:01:06]} Kg8 {[%emt 0:05:33]} 27. Rd1 {[%emt 0:10:51]} g6 {[%emt 0:06:29]} 28. Rh1 {[%emt 0:02:26]} Rf7 {[%emt 0:04:55]} 29. Qd1 {[%emt 0:02:42]} Nf8 {[%emt 0:02:57]} 30. Qg4 {[%emt 0:03:49]} Qc6 {[%emt 0:04:56]} 31. Bf3 {[%emt 0:01:38]} Bd8 {[%emt 0:08:16]} 32. Qg2 {[%emt 0:09:33]} Bb6 {[%emt 0:05:29]} 33. Re1 {[%emt 0:00:12]} Qb5 {[%emt 0:06:00]} 34. Be2 {[%emt 0:05:59]} Qc6 {[%emt 0:00:10]} 35. Bf3 {[%emt 0:01:08]} Qb5 {[%emt 0:00:12]} 36. Be2 {[%emt 0:00:40]} 1/2-1/2

[Event "Gideon Japhet ACP Open 2018"]
[Site "Jerusalem"]
[Date "2018.07.04"]
[Round "5"]
[White "Kobo, Ori"]
[Black "Erenberg, Ariel"]
[Result "1-0"]
[WhiteElo "2508"]
[BlackElo "2393"]
[Annotator "ChessBase"]
[PlyCount "91"]
[EventDate "2018.07.01"]
[EventType "swiss"]
[EventCountry "ISR"]
[SourceTitle "playchess.com"]
[Source "ChessBase"]
[SourceQuality "1"]
[TimeControl "40/5400+30:1800+30"]

1. Nf3 {[%emt 0:00:03]} Nf6 {[%emt 0:00:00]} 2. d4 {[%emt 0:00:11]} e6 {[%emt 0:01:31]} 3. e3 {[%emt 0:00:24]} b6 {[%emt 0:07:49]} 4. Bd3 {[%emt 0:00:21]} Bb7 {[%emt 0:04:21]} 5. O-O {[%emt 0:00:44]} Be7 {[%emt 0:03:37]} 6. c4 {[%emt 0:01:35]} O-O {[%emt 0:02:52]} 7. Nc3 {[%emt 0:01:06]} d5 {[%emt 0:00:07]} 8. cxd5 {[%emt 0:00:22]} Nxd5 {[%emt 0:07:58]} 9. e4 {[%emt 0:03:46]} Nb4 {[%emt 0:13:35]} 10. Bc4 {[%emt 0:04:08]} c5 {[%emt 0:02:15]} 11. dxc5 {[%emt 0:09:38]} Bxc5 {[%emt 0:02:42]} 12. Qe2 {[%emt 0:05:13]} Nd7 {[%emt 0:03:20]} 13. Rd1 {[%emt 0:00:58]} Qc8 {[%emt 0:03:44]} 14. a3 {[%emt 0:06:52]} Nc6 {[%emt 0:00:35]} 15. b4 {[%emt 0:00:31]} Be7 {[%emt 0:01:38]} 16. Bf4 {[%emt 0:00:56]} Bf6 {[%emt 0:04:11]} 17. Rac1 {[%emt 0:01:04]} Nde5 {[%emt 0:03:27]} 18. Nb5 {[%emt 0:13:22]} Rd8 {[%emt 0:11:49]} 19. Nd6 {[%emt 0:14:42]} Qb8 {[%emt 0:00:21]} 20. Nxf7 {[%emt 0:05:16]} Rxd1+ {[%emt 0:08:29]} 21. Rxd1 {[%emt 0:06:32]} Kxf7 {[%emt 0:00:15]} 22. Ng5+ {[%emt 0:12:16]} Bxg5 {[%emt 0:06:14]} 23. Qh5+ {[%emt 0:00:50]} Kg8 {[%emt 0:00:10]} 24. Bxe6+ {[%emt 0:00:19]} Kh8 {[%emt 0:00:23]} 25. Qxg5 {[%emt 0:00:24]} h6 {[%emt 0:03:05]} 26. Qf5 {[%emt 0:02:57]} Qf8 {[%emt 0:03:52]} 27. b5 {[%emt 0:00:21]} Rd8 {[%emt 0:01:46]} 28. Qxf8+ Rxf8 29. bxc6 {[%emt 0:01:52]} Nxc6 {[%emt 0:00:06]} 30. Bg3 {[%emt 0:00:56]} Re8 {[%emt 0:01:12]} 31. Bf5 {[%emt 0:02:06]} Na5 {[%emt 0:01:04]} 32. e5 {[%emt 0:01:07]} Bc8 {[%emt 0:01:19]} 33. Bg6 {[%emt 0:00:09]} Rf8 {[%emt 0:00:10]} 34. f4 {[%emt 0:03:12]} Nc4 {[%emt 0:00:28]} 35. Rd3 {[%emt 0:00:53]} Kg8 {[%emt 0:02:14]} 36. Rc3 {[%emt 0:01:30]} b5 {[%emt 0:00:20]} 37. a4 {[%emt 0:01:15]} a6 {[%emt 0:00:21]} 38. axb5 {[%emt 0:00:04]} axb5 39. Rb3 {[%emt 0:00:42]} Bd7 {[%emt 0:00:22]} 40. h4 {[%emt 0:00:29]} Kh8 {[%emt 0:01:41]} 41. f5 {[%emt 0:06:09]} Bxf5 {[%emt 0:10:19]} 42. Rf3 {[%emt 0:00:22]} Ne3 {[%emt 0:00:20]} 43. e6 {[%emt 0:02:33]} Rf6 {[%emt 0:01:14]} 44. Bxf5 {[%emt 0:00:04]} Nxf5 {[%emt 0:00:07]} 45. Rxf5 {[%emt 0:00:13]} Rxf5 {[%emt 0:00:18]} 46. e7 {[%emt 0:00:04]} 1-0

[Event "Gideon Japhet ACP Open 2018"]
[Site "Jerusalem"]
[Date "2018.07.04"]
[Round "5"]
[White "Oratovsky, Michael"]
[Black "Nabaty, Tamir"]
[Result "0-1"]
[WhiteElo "2461"]
[BlackElo "2692"]
[Annotator "TA"]
[PlyCount "85"]
[EventDate "2018.07.01"]
[EventType "swiss"]
[EventCountry "ISR"]
[SourceTitle "playchess.com"]
[Source "ChessBase"]
[SourceQuality "1"]

{[%evp 16,85,0,-12,-4,-18,0,-14,0,0,0,-27,0,0,12,-77,-69,-67,-67,-67,-66,-66,-58,-67,-55,-63,-60,-71,-77,-105,-98,-125,-91,-87,-76,-79,-79,-174,-177,-181,-175,-187,-179,-218,-218,-218,-218,-212,-179,-256,-248,-256,-217,-210,-210,-257,-257,-312,-308,-308,-306,-304,-285,-381,-358,-437,-422,-428,-426,-852,-840,-864]} 1. e4 c5 2. Nf3 e6 3. g3 Nc6 4. Bg2 Nf6 5. d3 d5 6. Nbd2 Be7 7. O-O O-O 8. Re1 Qc7 9. c3 {LiveBook: 68 Games} h6 {C00: French: Unusual White 2nd moves} (9... b6 10. e5 Nd7 11. Qe2 a5 12. Nf1 a4 13. Bf4 Bb7 14. h4 Rfc8 15. Ne3 Qd8 16. h5 b5 17. Nxd5 exd5 18. e6 Nf8 19. exf7+ Kxf7 {0-1 (37) Morozevich,A (2675)-Hou,Y (2666) Biel 2017 CBM 180 [Sumets,A]}) 10. Qe2 Rd8 11. Nf1 dxe4 $146 {The position is equal.} ({Predecessor:} 11... b5 12. e5 Nh7 13. h4 c4 14. d4 a5 15. N1h2 b4 16. Ng4 Bf8 17. Bf4 {1-0 (44) Mucha,J (1880)-Szczecina,K Chorzow 2007}) 12. dxe4 b6 13. N3d2 (13. e5 $5 {[%cal Re5f6]} Nd7 14. h4 $11) 13... Nd7 14. f4 c4 15. Nxc4 (15. e5 $11 {remains equal.}) 15... Ba6 $17 16. b3 Na5 $36 {[%cal Ra5c4][%mdl 2048] Black is more active.} 17. Nfe3 Rac8 18. e5 Nxc4 19. Nxc4 Bxc4 20. bxc4 Qxc4 21. Qxc4 Rxc4 22. Bb2 Nc5 23. Bf1 Nd3 24. Red1 Nxb2 25. Rxd8+ Bxd8 26. Bxc4 (26. Rb1 $17 {was forced.}) 26... Nxc4 $19 27. Rd1 Be7 28. Rd7 Bc5+ 29. Kf1 a5 30. Ke2 Ne3 31. Rd3 Nd5 32. Kf3 (32. a4 $142) 32... b5 33. Ke4 h5 34. Rf3 Kf8 35. f5 {[#] Threatens to win with fxe6.} Ke7 36. fxe6 Kxe6 ({But not} 36... fxe6 37. h4 $19) 37. Rd3 Nb6 38. Rd8 Na4 39. Rd3 Ba3 40. Kf4 Bc1+ {Black is clearly winning.} 41. Kf3 Kxe5 42. Rd7 (42. Rd1 $142 Bh6 43. Rd3) 42... Nxc3 43. Rxf7 {Precision: White = 42%, Black = 62%.} 0-1

[Event "Gideon Japhet ACP Open 2018"]
[Site "Jerusalem"]
[Date "2018.07.04"]
[Round "5"]
[White "Gorodetzky, David"]
[Black "Gluhovsky, Mark"]
[Result "0-1"]
[WhiteElo "2460"]
[BlackElo "2308"]
[Annotator "TA"]
[PlyCount "82"]
[EventDate "2018.07.01"]
[EventType "swiss"]
[EventCountry "ISR"]
[SourceTitle "playchess.com"]
[Source "ChessBase"]
[SourceQuality "1"]

{[%evp 15,82,22,50,8,50,38,64,30,22,24,38,26,40,41,99,104,105,106,137,139,138,118,111,75,85,75,139,156,148,155,148,140,140,148,145,82,110,39,54,54,51,14,15,-89,-73,-74,0,0,0,0,122,30,40,31,266,166,152,86,84,-66,-30,-24,-29,-31,-26,-19,-21,-80,-8]} 1. Nf3 d6 2. d4 Nf6 3. g3 g6 4. Bg2 Bg7 5. O-O O-O 6. c4 c6 7. Nc3 Nbd7 8. b3 Rb8 9. a4 {E67: King's Indian: Fianchetto: 6...Nbd7} a6 (9... a5 10. Ba3 Qb6 11. e4 Rd8 12. Qc2 Nf8 13. h3 Qc7 14. Rad1 Ne8 15. Qd2 Qb6 16. Qc2 Ne6 {1-0 (40) Aleskerov,F (2362)-Margvelashvili,G (2531) Freemont 2012}) 10. a5 c5 11. e3 $146 {[%cal Be2e3,Be3e4][%mdl 32] White is slightly better.} ({Predecessor:} 11. Bb2 b5 12. axb6 Qxb6 13. Ra3 cxd4 14. Na4 Qc7 15. Bxd4 Bb7 16. Qa1 e5 {1-0 (51) Sapis,W (2420)-Spisak,C Wisla 1992}) 11... b5 12. axb6 Qxb6 13. Rb1 Bb7 14. d5 e5 (14... e6 $14) 15. e4 Ne8 16. Bg5 f6 17. Bd2 Bc8 18. Qc2 Qd8 19. Ne1 f5 20. Nd3 f4 (20... Ndf6 $142) 21. b4 $16 cxb4 22. Nxb4 Qf6 23. Nd3 Rxb1 24. Rxb1 (24. Nxb1 Qd8 $14) 24... h5 {[#]} 25. Rc1 (25. Na4 $142 $1) 25... Bh6 26. Bh3 ({Better is} 26. Na4 $16) 26... Nc5 $14 27. Bxc8 Nxd3 28. Be6+ Kh7 29. Rf1 (29. Qxd3 $11 {was the only way to keep the balance.} fxg3 30. f4 (30. fxg3 $2 Qf2+ 31. Kh1 Bxd2 $19) (30. Qxg3 Bxd2 31. Rc2 Bg5 $11) 30... exf4 31. Rc2) 29... Nc5 (29... fxg3 {is interesting.} 30. hxg3 Qf3 31. Bxh6 Kxh6 32. Qd2+ Kh7) 30. Bh3 Ng7 (30... fxg3 $17 31. hxg3 (31. fxg3 Qg7 $15) 31... Bxd2 32. Qxd2 h4) 31. Na4 Nxa4 32. Qxa4 h4 (32... fxg3 $1 $11 33. fxg3 Qe7 34. Rxf8 Qxf8 35. Bxh6 Kxh6) 33. Qxa6 (33. g4 $16) 33... hxg3 34. fxg3 {[#] And now c5! would win.} Rb8 $2 (34... Qe7 $1 $14) 35. Qa3 Qd8 36. c5 (36. Ba5 $142 Qe7 37. Bb4) 36... dxc5 $16 37. Rc1 (37. Ba5 $16 Qe7 38. Be1) 37... fxg3 (37... c4 $5 38. Kh1 (38. Rxc4 Rb1+ 39. Kg2 f3+ 40. Qxf3 Rb2 $19) 38... Rb3 $17) 38. Bxh6 gxh2+ 39. Kxh2 Kxh6 40. Qe3+ Kh7 {Threatens to win with ...Rb2+.} 41. Qxc5 (41. Rxc5 $11 {keeps the balance.} Qh4 42. Rc2) 41... Qg5 {[%mdl 32768] Precision: White = 32%, Black = 40%. . Loss on Time!?} (41... Qh4 $17 42. Qc3 Qxe4) 0-1

[Event "Gideon Japhet ACP Open 2018"]
[Site "Jerusalem"]
[Date "2018.07.04"]
[Round "5"]
[White "Kantsler, Boris"]
[Black "Bagrationi, Alexander"]
[Result "1/2-1/2"]
[WhiteElo "2422"]
[BlackElo "2539"]
[Annotator "ChessBase"]
[PlyCount "59"]
[EventDate "2018.07.01"]
[EventType "swiss"]
[EventCountry "ISR"]
[SourceTitle "playchess.com"]
[Source "ChessBase"]
[SourceQuality "1"]
[TimeControl "40/5400+30:1800+30"]

1. d4 Nf6 {[%emt 0:10:15]} 2. Nf3 {[%emt 0:00:14]} g6 {[%emt 0:01:12]} 3. c4 {[%emt 0:00:25]} Bg7 {[%emt 0:00:13]} 4. g3 {[%emt 0:00:06]} O-O {[%emt 0:00:05]} 5. Bg2 {[%emt 0:00:02]} d6 {[%emt 0:00:04]} 6. O-O {[%emt 0:00:04]} Nc6 {[%emt 0:00:05]} 7. Nc3 {[%emt 0:00:04]} a6 {[%emt 0:00:10]} 8. Bf4 {[%emt 0:00:12]} Rb8 {[%emt 0:01:41]} 9. Rc1 {[%emt 0:00:33]} b5 {[%emt 0:06:29]} 10. Nd5 {[%emt 0:01:07]} bxc4 {[%emt 0:01:11]} 11. Nxf6+ {[%emt 0:00:06]} exf6 {[%emt 0:00:52]} 12. Rxc4 {[%emt 0:00:23]} Ne7 {[%emt 0:00:23]} 13. b3 {[%emt 0:05:23]} Nd5 {[%emt 0:06:16]} 14. Bd2 {[%emt 0:00:48]} f5 {[%emt 0:00:42]} 15. e3 {[%emt 0:06:42]} Nb6 {[%emt 0:04:38]} 16. Rc1 {[%emt 0:10:32]} Bb7 {[%emt 0:07:53]} 17. Ne1 {[%emt 0:07:32]} Nd5 {[%emt 0:02:51]} 18. Nd3 {[%emt 0:04:12]} Qe7 {[%emt 0:02:12]} 19. Qc2 {[%emt 0:05:33]} Rfc8 {[%emt 0:06:35]} 20. Rfd1 {[%emt 0:06:19]} Qd7 {[%emt 0:07:03]} 21. Be1 {[%emt 0:01:29]} Ne7 {[%emt 0:06:10]} 22. Bxb7 {[%emt 0:01:00]} Rxb7 {[%emt 0:07:19]} 23. Nb4 {[%emt 0:03:06]} c6 {[%emt 0:02:06]} 24. Nxa6 {[%emt 0:20:26]} Nd5 {[%emt 0:00:25]} 25. a3 f4 {[%emt 0:00:34]} 26. exf4 {[%emt 0:05:10]} Nxf4 {[%emt 0:01:25]} 27. gxf4 {[%emt 0:03:50]} Qg4+ {[%emt 0:04:16]} 28. Kh1 {[%emt 0:00:07]} Qf3+ {[%emt 0:00:08]} 29. Kg1 {[%emt 0:00:03]} Qg4+ {[%emt 0:00:35]} 30. Kh1 {[%emt 0:00:01]} 1/2-1/2

[Event "Gideon Japhet ACP Open 2018"]
[Site "Jerusalem"]
[Date "2018.07.04"]
[Round "5"]
[White "Shvayger, Yuliya"]
[Black "Zlatin, Alexander"]
[Result "1-0"]
[WhiteElo "2409"]
[BlackElo "2205"]
[Annotator "NA"]
[PlyCount "65"]
[EventDate "2018.07.01"]
[EventType "swiss"]
[EventCountry "ISR"]
[SourceTitle "playchess.com"]
[Source "ChessBase"]
[SourceQuality "1"]
[TimeControl "40/5400+30:1800+30"]

1. e4 {[%emt 0:00:00]} e5 {[%emt 0:00:00]} 2. Nf3 {[%emt 0:00:00]} Nc6 {[%emt 0:00:00]} 3. Bb5 {[%emt 0:00:00]} a6 {[%emt 0:00:00]} 4. Bxc6 {[%emt 0:00:34]} dxc6 {[%emt 0:00:00]} 5. O-O {[%emt 0:00:28]} Qf6 {[%emt 0:01:12]} 6. d4 {[%emt 0:01:40]} exd4 {[%emt 0:00:52]} 7. Bg5 {[%emt 0:00:27]} Qd6 {[%emt 0:01:07]} 8. Nxd4 {[%emt 0:00:18]} c5 {[%emt 0:09:33]} 9. Ne2 {[%emt 0:06:28]} Qxd1 {[%emt 0:20:07]} 10. Rxd1 {[%emt 0:01:45]} Bd7 {[%emt 0:00:04]} 11. Nbc3 {[%emt 0:01:22]} Bd6 {[%emt 0:02:39]} 12. Rd2 {[%emt 0:06:03]} f6 {[%emt 0:05:52]} 13. Bf4 {[%emt 0:05:51]} Bxf4 {[%emt 0:00:44]} 14. Nxf4 {[%emt 0:00:02]} Ne7 {[%emt 0:02:49]} 15. Ncd5 {[%emt 0:07:34]} Rc8 {[%emt 0:14:41]} 16. Rad1 {[%emt 0:01:56]} Nxd5 {[%emt 0:05:31]} 17. Nxd5 {[%emt 0:03:45]} Bc6 {[%emt 0:04:29]} 18. Nxc7+ {[%emt 0:00:09]} Kf7 {[%emt 0:00:04]} 19. Nd5 {[%emt 0:00:08]} Rcd8 {[%emt 0:02:27]} 20. f3 {[%emt 0:01:00]} h5 {[%emt 0:02:36]} 21. Kf2 {[%emt 0:03:39]} Rhe8 {[%emt 0:01:31]} 22. Ne3 {[%emt 0:00:59]} Rxd2+ {[%emt 0:01:05]} 23. Rxd2 {[%emt 0:00:02]} g6 {[%emt 0:00:06]} 24. Nc4 {[%emt 0:09:29]} Ke6 {[%emt 0:00:08]} 25. h4 {[%emt 0:08:22]} Rb8 {[%emt 0:03:47]} 26. b3 {[%emt 0:02:32]} Rg8 {[%emt 0:01:55]} 27. Ke3 {[%emt 0:00:14]} Rb8 {[%emt 0:01:52]} 28. Rd6+ {[%emt 0:00:59]} Ke7 {[%emt 0:00:53]} 29. e5 {[%emt 0:00:30]} Rf8 {[%emt 0:04:48]} 30. exf6+ {[%emt 0:01:13]} Rxf6 {[%emt 0:00:05]} 31. Rxf6 {[%emt 0:00:09]} Kxf6 {[%emt 0:00:05]} 32. Na5 {[%emt 0:00:09]} Bb5 {[%emt 0:03:42]} 33. c4 {[%emt 0:01:27]} 1-0